000 00593nam a2200181Ia 4500
008 100920s9999 xx 000 0 und d
082 _b98073
_a--- न 06
100 _aनायक श्रीकांत विष्णु.
245 _aअग्नकिुंड.
260 _bज्ञानदत्त प्रकाशन, पुणे.
_c2006
300 _a196
_bसाधी
365 _b190
520 _aकादंबरी.
630 _aअग्नकिुंड.
650 _aकादंबरी.
730 _aअग्नकिुंड.
942 _cBOOK
999 _c738511
_d738508